MARC

LEADER 00000nam0a2200000 4500
001 34310
005 20231101210227.0
035 |a (RuTPU)RU\TPU\book\34696 
035 |a BOOK00001347 
090 |a 34310 
100 |a 20011210d1977 m y0rusy50 ca 
101 0 |a rus 
102 |a RU 
105 |a y j 000zy 
200 1 |a Основы практической петрографии  |e учебное пособие  |f Р. Н. Кочурова 
210 |a Ленинград  |c Изд-во Ленинградского ун-та  |d 1977 
215 |a 176 с. 
606 |a Петрография  |2 stltpush  |3 (RuTPU)RU\TPU\subj\48701  |9 67549 
610 1 |a породообразующие минералы 
610 1 |a горные породы 
610 1 |a оптические свойства минералов 
610 1 |a качественная диагностика 
610 1 |a таблицы 
610 1 |a учебные пособия 
675 |a 552(076.5)  |v 3 
700 1 |a Кочурова  |b Р. Н.  |g Раиса Николаевна 
801 0 |a RU  |b 63413507  |c 20011210  |g PSBO 
801 2 |a RU  |b 63413507  |c 20200924  |g PSBO 
900 |a Петрография 
900 |a Петрография и литология 
942 |c BK